000
00203 a2200097 4500
001
43421
100
_a
Trewin
245
_a
Plays of the Year
260
_a
New York
_b
Paul Elek
_c
090
_c
27244
_d
27244
942
_a
NUST-CAE
_c
M
_c
19163
999
_c
278494
_d
278494